LIBRARY & INFORMATION CENTRE, KCAET, TAVANUR

ONLINE PUBLIC ACCESS CATALOGUE (OPAC)

Analytical techniques in materials conservation / (Record no. 13301)

MARC details
000 -LEADER
fixed length control field 00396cam a2200145ua 4500
041 ## - LANGUAGE CODE
Language code of text/sound track or separate title eng
082 ## - DEWEY DECIMAL CLASSIFICATION NUMBER
Classification number 620.11
Item number STU/MA
100 ## - MAIN ENTRY--AUTHOR NAME
Personal name Stuart, Barbara H .
245 ## - TITLE STATEMENT
Title Analytical techniques in materials conservation /
260 ## - PUBLICATION, DISTRIBUTION, ETC. (IMPRINT)
Place of publication London :
Name of publisher John Wiley & Sons ,
Year of publication 2007.
300 ## - PHYSICAL DESCRIPTION
Number of Pages 424 ;
Accompanying material CD.
942 ## - ADDED ENTRY ELEMENTS (KOHA)
Koha item type Books
Holdings
Withdrawn status Lost status Damaged status Home library Current library Date acquired Full call number Accession Number Koha item type
      KAUAET KAUAET 07/04/2012 620.11 STU/AN 21582 Books
free website counter